| 000 | 00774nam a2200229 a 4500 | ||
|---|---|---|---|
| 001 | 80888 | ||
| 003 | BD-RjUL | ||
| 005 | 20221205122201.0 | ||
| 008 | 221205s2022 bg ||||| |||| 00| 0 ben d | ||
| 020 | _a9847000004635 | ||
| 035 | _a(BD-RjUL)80888 | ||
| 040 |
_aBD-RjUL _beng _cBD-RjUL |
||
| 041 | _aben | ||
| 082 |
_223 _a891.444 _bKAM 2022 |
||
| 100 |
_aকবির, হুমায়ুন _91268 |
||
| 245 |
_aমোসলেম রাজনীতি / _cহুমায়ুন কবির |
||
| 260 |
_aঢাকা : _bজাতীয় সাহিত্য প্রকাশনী, _c২০২২ |
||
| 300 |
_a৭৮ পৃ.; _c১৯ সেমি. |
||
| 650 | _aবাংলা প্রবন্ধ | ||
| 650 |
_aBengali Essay _94490 |
||
| 942 |
_2ddc _cBK |
||
| 999 |
_c80888 _d80888 |
||